Biodiversidad y conectividad ecológica en la localidad de Suba / (Registro nro. 6205)
[ vista simple ]
| 000 -CABECERA | |
|---|---|
| Campo de control | 00901nam a2200277 a 4500 |
| 005 - FECHA Y HORA DE LA ULTIMA TRANSACCION | |
| Campo de control | 20180803165340.0 |
| 008 - ELEMENTOS DE LONGITUD FIJA—INFORMACION GENERAL | |
| Campo de control | 140128b2008 ck ||||| |||| 00| 0 spa d |
| 020 ## - ISBN | |
| ISBN | 9789588343198 |
| 040 ## - FUENTE DE CATALOGACIÓN | |
| Agencia catalogadora original | CO-BoIAVH |
| Agencia transcriptora | CO-BoIAVH |
| 041 0# - IDIOMA | |
| Código de idioma para texto/pista de sonido o título separado | Español |
| 044 ## - PAÍS DE PUBLICACIÓN | |
| País de publicación | Colombia |
| 082 04 - NUMERO DE CLASIFICACION DECIMAL DEWEY | |
| Número de clasificación | 333.95 |
| Número del ítem | R93b |
| 090 ## - CLASIFICACIÓN LOCAL | |
| Colección | IAVH |
| Consecutivo | 00834 |
| 100 1# - ASIENTO PRINCIPAL--NOMBRE PERSONAL | |
| Nombre personal | Ruiz, Febe Lucía |
| 9 (RLIN) | 334 |
| 245 1# - MENCION DE TITULO | |
| Título | Biodiversidad y conectividad ecológica en la localidad de Suba / |
| Mención de responsabilidad | Febe Lucía Ortíz, Olga Lucía Trespalacios y Diana Ramírez. |
| 260 ## - PUBLICACION, DISTRIBUCION, ETC. (PIE DE IMPRENTA) | |
| Lugar de publicación, distribución, etc. | Bogotá (Colombia) : |
| Nombre del editor, distribuidor, etc. | Instituto Alexander von Humboldt , |
| Fecha de publicación, distribución, etc. | 2008. |
| 300 ## - DESCRIPCION FISICA | |
| Extensión | 52 p. |
| 650 ## - ASIENTO SECUNDARIO DE MATERIA - TERMINO TEMATICO | |
| Término temático o nombre geográfico como elemento de entrada | Biodiversidad |
| 9 (RLIN) | 92204 |
| 650 ## - ASIENTO SECUNDARIO DE MATERIA - TERMINO TEMATICO | |
| Término temático o nombre geográfico como elemento de entrada | Ecosistemas |
| 9 (RLIN) | 92256 |
| 650 ## - ASIENTO SECUNDARIO DE MATERIA - TERMINO TEMATICO | |
| Término temático o nombre geográfico como elemento de entrada | Conectividad |
| 9 (RLIN) | 5460 |
| 662 ## - ASIENTO SECUNDARIO DE MATERIA - JERARQUIA DEL NOMBRE DE LUGAR( | |
| País o entidad mayor | Colombia |
| Jurisdicción política intermedia | Suba |
| Jurisdicción política de primer orden | Cundinamarca |
| 700 ## - ASIENTO SECUNDARIO - NOMBRE PERSONAL | |
| Nombre personal | Otero García, Javier |
| 9 (RLIN) | 335 |
| 700 ## - ASIENTO SECUNDARIO - NOMBRE PERSONAL | |
| Nombre personal | Ramírez, Diana Patricia |
| 9 (RLIN) | 330 |
| 700 ## - ASIENTO SECUNDARIO - NOMBRE PERSONAL | |
| Nombre personal | Trespalacios , Olga Lucía |
| 9 (RLIN) | 333 |
| 942 ## - ELEMENTOS ADICIONALES (KOHA) | |
| Tipo de ítem | Libro |
| Sistema de clasificación | Dewey Decimal Classification |
| Withdrawn status | Lost status | Sistema de Clasificación | Damaged status | No para préstamo | Colección | Inventariado | Ubicación Permanente | Ubicación actual | Fecha de adquisición | Total Checkouts | Número topográfico | Inventario / Código de Barras | Date last seen | Ejemplar | Price effective from | Forma de adquisición | Tipo de material | Fuente de Valor | Valor | Total Renewals | Date checked out |
|---|---|---|---|---|---|---|---|---|---|---|---|---|---|---|---|---|---|---|---|---|---|
| Dewey Decimal Classification | Humboldt | Inventariado 2017 | Bogotá | Bogotá | 14/07/2008 | IAVH-333.95 R93b | 026143 | 04/12/2012 | Ej. 1 | 04/12/2012 | Institucional | Libro | Instituto | 39000.00 | |||||||
| Dewey Decimal Classification | Humboldt | Inventariado 2017 | Bogotá | Bogotá | 14/07/2008 | 1 | IAVH-333.95 R93b | 026144 | 19/12/2013 | Ej. 2 | 04/12/2012 | Institucional | Libro | Instituto | 39000.00 | 1 | 11/06/2013 | ||||
| Local | Audiovisual | Bogotá | Bogotá | 19/11/2013 | IAVH-00834 | 059010 | 19/11/2013 | Ej. 3 | 19/11/2013 | CD-ROM | |||||||||||
| Dewey Decimal Classification | Humboldt | Inventariado 2017 | Bogotá | Bogotá | 29/09/2015 | IAVH-333.95 R93b | 035231 | 29/09/2015 | Ej. 5 | 29/09/2015 | Institucional | Libro | Instituto | 39000.00 | |||||||
| Dewey Decimal Classification | Humboldt | Bogotá | Bogotá | 24/01/2020 | LB-333.95 R93b | 044017 | 24/01/2020 | Ej. 6 | 24/01/2020 | Institucional | Libro | ||||||||||
| Dewey Decimal Classification | Humboldt | Inventariado 2017 | Sala Fabio Quevedo | Sala Fabio Quevedo | 18/07/2014 | IAVH-333.95 R93b | 026142 | 04/12/2012 | Ej. 4 | 04/12/2012 | Libro | Instituto | 39000.00 | ||||||||
| Local | Humboldt | Inventariado 2017 | Villa de Leyva | Villa de Leyva | 14/07/2008 | IAVH-00834 | 026141 | 04/12/2012 | Ej. 1 | 04/12/2012 | Institucional | Folleto |